[Event "XXX Memorial Edoardo Crespi B"]
[Site "Milano ITA"]
[Date "2009.12.06"]
[Round "3"]
[White "Di Paola, Antonio"]
[Black "Olivo, Mario"]
[Result "0-1"]
[WhiteElo "1749"]
[BlackElo "1827"]
[PlyCount "110"]
[EventDate "2009.12.04"]

1. d4 Nf6 2. c4 e6 3. Nf3 b6 4. g3 Bb7 5. Bg2 Bb4+ 6. Bd2 Bxd2+ 7. Nbxd2 O-O 8.
Qc2 d6 9. O-O Nbd7 10. e4 e5 11. d5 Nc5 12. b4 Ncd7 13. Nb3 Qe7 14. Rab1 Ba6
15. a4 Rfc8 16. Bh3 Rd8 17. Rfe1 Bc8 18. Bf1 h6 19. c5 dxc5 20. bxc5 Nxc5 21.
Nxc5 bxc5 22. Rb5 Bg4 23. Nd2 Nd7 24. f3 Bh5 25. Bh3 a6 26. Rb3 Rab8 27. Reb1
Rxb3 28. Rxb3 Rb8 29. Rc3 Rb4 30. Bxd7 Qxd7 31. Rxc5 Rxa4 32. Rxc7 Ra1+ 33. Kg2
Qd6 34. Rc5 f6 35. Nb3 Ra3 36. Rc6 Qb4 37. Nd2 Qd4 38. Rc4 Qe3 39. Rc8+ Kh7 40.
d6 Rd3 41. Qc4 Rxd2+ 42. Kh3 Qxf3 43. Qg8+ Kg6 44. Qe6 Qg2+ 45. Kh4 Qxh2+ 46.
Qh3 Qxh3+ 47. Kxh3 Rxd6 48. g4 Rd3+ 49. Kh4 Bxg4 50. Kxg4 a5 51. Rc4 h5+ 52.
Kh4 Rd4 53. Rc8 Rxe4+ 54. Kg3 Ra4 55. Rc7 f5 0-1

[Event "XXX Memorial Edoardo Crespi B"]
[Site "Milano ITA"]
[Date "2009.12.06"]
[Round "3"]
[White "Fiorili, Roberto"]
[Black "Reale, Simone"]
[Result "1/2-1/2"]
[WhiteElo "1902"]
[BlackElo "1826"]
[PlyCount "36"]
[EventDate "2009.12.04"]

1. e4 c5 2. Nf3 d6 3. d4 cxd4 4. Nxd4 Nf6 5. Nc3 a6 6. f3 e5 7. Nb3 Be7 8. Be3
Be6 9. Qd2 O-O 10. Bd3 Qc7 11. Qf2 Nbd7 12. O-O b5 13. Rfd1 Rab8 14. Rd2 Nb6
15. Bxb6 Qxb6 16. Rad1 Qc6 17. Kh1 Nd7 18. Bf1 Nb6 1/2-1/2

[Event "XXX Memorial Edoardo Crespi B"]
[Site "Milano ITA"]
[Date "2009.12.06"]
[Round "3"]
[White "Gaggino, Davide"]
[Black "Carbone, Lorenzo"]
[Result "1/2-1/2"]
[WhiteElo "1963"]
[BlackElo "1808"]
[PlyCount "43"]
[EventDate "2009.12.04"]

1. Nf3 c5 2. c4 Nc6 3. Nc3 e6 4. e4 d6 5. Be2 Nf6 6. O-O Be7 7. d3 O-O 8. h3 a6
9. Be3 Rb8 10. a4 b6 11. d4 cxd4 12. Nxd4 Bb7 13. Nxc6 Bxc6 14. Bf3 Qc7 15. Bg5
b5 16. axb5 axb5 17. cxb5 Bxb5 18. Nxb5 Rxb5 19. Bc1 d5 20. exd5 Nxd5 21. Qd3
Rfb8 22. Be4 1/2-1/2

[Event "XXX Memorial Edoardo Crespi B"]
[Site "Milano ITA"]
[Date "2009.12.06"]
[Round "3"]
[White "Gonella, Daniele"]
[Black "Bossoni, Mario"]
[Result "1/2-1/2"]
[WhiteElo "1856"]
[BlackElo "1971"]
[PlyCount "75"]
[EventDate "2009.12.04"]

1. e4 c5 2. c3 d5 3. exd5 Qxd5 4. d4 Nc6 5. Nf3 cxd4 6. cxd4 e5 7. Nc3 Bb4 8.
Bd2 Bxc3 9. Bxc3 e4 10. Ne5 Nxe5 11. dxe5 Ne7 12. Qc2 O-O 13. Rd1 Qxa2 14. Bb4
Bg4 15. Bxe7 Rfc8 16. Qb1 Qa5+ 17. b4 Qxe5 18. Bc5 Qc3+ 19. Rd2 Rxc5 20. Be2
Rd5 21. Qb2 Qxb2 22. Rxb2 Bxe2 23. Kxe2 Rc8 24. Ra1 a6 25. b5 Rxb5 26. Rxb5
axb5 27. Ra5 g6 28. Rxb5 Rc7 29. g4 Kf8 30. Ke3 Re7 31. Kf4 f6 32. h4 Kf7 33.
Rb6 h6 34. Rb5 g5+ 35. hxg5 hxg5+ 36. Ke3 Kg6 37. Rb6 Kf7 38. Rb5 1/2-1/2

[Event "XXX Memorial Edoardo Crespi B"]
[Site "Milano ITA"]
[Date "2009.12.06"]
[Round "3"]
[White "Kimbin, Richard Conrod"]
[Black "Margstahler, Francesco"]
[Result "1-0"]
[WhiteElo "1935"]
[BlackElo "1800"]
[PlyCount "119"]
[EventDate "2009.12.04"]

1. e4 c6 2. d4 d5 3. e5 c5 4. c3 Nc6 5. f4 e6 6. Nf3 Nh6 7. Bd3 cxd4 8. cxd4
Bb4+ 9. Nc3 O-O 10. O-O f6 11. exf6 Qxf6 12. Ne5 Nxd4 13. Bxh7+ Kxh7 14. Qxd4
Bd6 15. Bd2 b6 16. Kh1 Ba6 17. Rf3 Bc4 18. Ne4 dxe4 19. Qxe4+ Qf5 20. Qxc4 Bxe5
21. fxe5 Qxe5 22. Bc3 Qd5 23. Qc7 e5 24. Bxe5 Rf7 25. Rxf7 Qxf7 26. Qc2+ Kg8
27. Qc7 Rf8 28. Qxf7+ Rxf7 29. h3 Nf5 30. Rd1 Kh7 31. Kg1 Ne3 32. Re1 Nc4 33.
Bc3 Kg6 34. a4 Rd7 35. Kf2 Kf7 36. g4 a6 37. Re4 b5 38. h4 Rd1 39. Ke2 Rd7 40.
h5 Rd5 41. a5 Rc5 42. b3 Nd6 43. Rf4+ Kg8 44. Bb4 Re5+ 45. Kf3 Nf7 46. Rd4 Re6
47. Bc3 Rc6 48. Bb4 Re6 49. Kf4 Rf6+ 50. Kg3 Re6 51. Kh4 Re3 52. g5 Ne5 53.
Rd8+ Kf7 54. Bc5 Rxb3 55. Rd6 Nf3+ 56. Kg4 Ne5+ 57. Kf5 Nd3 58. g6+ Ke8 59. Bb6
Rb4 60. Rxd3 1-0

[Event "XXX Memorial Edoardo Crespi B"]
[Site "Milano ITA"]
[Date "2009.12.06"]
[Round "3"]
[White "Lanni, Vincenzo"]
[Black "Pescatore, Lorenzo"]
[Result "1/2-1/2"]
[WhiteElo "1803"]
[BlackElo "1900"]
[PlyCount "84"]
[EventDate "2009.12.04"]

1. d4 Nf6 2. g3 c5 3. c3 d5 4. Bg2 Nc6 5. Nf3 cxd4 6. cxd4 Bf5 7. Nc3 g6 8. O-O
Bg7 9. Qb3 Qd7 10. Bf4 e6 11. Ne5 Nxe5 12. Bxe5 O-O 13. Rac1 Rac8 14. h3 g5 15.
g4 Bg6 16. f3 Ne8 17. Bxg7 Kxg7 18. Rfd1 h5 19. Nb5 a6 20. Na3 hxg4 21. hxg4
Nd6 22. Qe3 Qe7 23. Rxc8 Rxc8 24. Rc1 Rxc1+ 25. Qxc1 f6 26. Qc5 Kf7 27. Bf1 Ne8
28. b4 Qd6 29. Kg2 f5 30. gxf5 Bxf5 31. e3 Qf8 32. Qxf8+ Kxf8 33. b5 axb5 34.
Nxb5 Ke7 35. a4 b6 36. Nc3 Nd6 37. Kg3 Kd7 38. Nb5 Nb7 39. Nc3 Na5 40. e4 dxe4
41. fxe4 Bh7 42. Kg4 Nb3 1/2-1/2

[Event "XXX Memorial Edoardo Crespi B"]
[Site "Milano ITA"]
[Date "2009.12.06"]
[Round "3"]
[White "Marinc, Damir"]
[Black "Quagliarella, Sabino Remo"]
[Result "1/2-1/2"]
[WhiteElo "2022"]
[BlackElo "1886"]
[PlyCount "84"]
[EventDate "2009.12.04"]

1. e4 g6 2. d4 Bg7 3. Nc3 c6 4. Nf3 d5 5. e5 Nh6 6. h3 O-O 7. Bf4 f6 8. Qd2 Nf7
9. exf6 exf6 10. O-O-O b5 11. Bd3 a5 12. g4 a4 13. Ne2 Nd7 14. Ng3 Nb6 15. Rde1
Nc4 16. Qb4 Re8 17. Rxe8+ Qxe8 18. Re1 Qf8 19. Qe7 b4 20. Bxc4 dxc4 21. Qxf8+
Kxf8 22. c3 bxc3 23. bxc3 Bd7 24. Ne4 h5 25. Nc5 Bc8 26. gxh5 gxh5 27. h4 Bh6
28. Bxh6+ Nxh6 29. Nd2 Ng4 30. Nde4 Bf5 31. f3 Nh2 32. Nxf6 Nxf3 33. Rf1 Nxh4
34. Rf4 Ke7 35. Nxh5 Rg8 36. Rxh4 a3 37. Rf4 Rg1+ 38. Kd2 Bb1 39. Rf2 Bxa2 40.
Re2+ Kf7 41. Rf2+ Ke7 42. Re2+ Kf7 1/2-1/2

[Event "XXX Memorial Edoardo Crespi B"]
[Site "Milano ITA"]
[Date "2009.12.06"]
[Round "3"]
[White "Murli, Almerico"]
[Black "Rossi, Giampiero"]
[Result "1/2-1/2"]
[WhiteElo "1816"]
[BlackElo "1936"]
[PlyCount "105"]
[EventDate "2009.12.04"]

1. e4 c5 2. Nf3 e6 3. d4 cxd4 4. Nxd4 a6 5. Bd3 Nf6 6. O-O Qc7 7. c4 Nc6 8.
Nxc6 dxc6 9. Nc3 e5 10. h3 Bc5 11. Qe2 Be6 12. Be3 Bxe3 13. Qxe3 O-O 14. Rac1
Qe7 15. a3 Rad8 16. Rfd1 Rfe8 17. b4 Nh5 18. Ne2 g6 19. c5 Rd7 20. Bc2 Red8 21.
Rxd7 Rxd7 22. Rd1 Rxd1+ 23. Bxd1 Qd8 24. Bc2 Bc4 25. Nc3 Nf4 26. Kh2 Ne6 27.
Na4 Qd4 28. Nb6 Ba2 29. Nc8 Qxe3 30. fxe3 Nd8 31. Nd6 Kf8 32. a4 Ke7 33. a5 f6
34. Kg3 Be6 35. Bd1 Nf7 36. Nxf7 Kxf7 37. Be2 Ke7 38. Kf2 h5 39. Kg3 Kf7 40. h4
Ke7 41. Kf2 Bf7 42. g3 Kd7 43. Ke1 g5 44. Kd2 g4 45. Kc3 Be6 46. Bd3 Ke7 47.
Kd2 Kf7 48. Ke2 Kg6 49. Kf2 f5 50. exf5+ Bxf5 51. Ke2 Bxd3+ 52. Kxd3 Kf5 53.
e4+ 1/2-1/2

[Event "XXX Memorial Edoardo Crespi B"]
[Site "Milano ITA"]
[Date "2009.12.06"]
[Round "3"]
[White "Olivieri, Alessandro"]
[Black "Regorda, Vittorio"]
[Result "1-0"]
[WhiteElo "1800"]
[BlackElo "1865"]
[PlyCount "57"]
[EventDate "2009.12.04"]

1. d4 d5 2. c4 c6 3. cxd5 cxd5 4. Nc3 Nf6 5. Bf4 a6 6. Nf3 Bf5 7. Qb3 b5 8. a4
b4 9. Qxb4 e6 10. Qb7 Nbd7 11. e3 Qc8 12. Qxc8+ Rxc8 13. Bxa6 Rc6 14. Bb5 Rc8
15. Ne5 Bb4 16. Rc1 Ke7 17. Nc6+ Rxc6 18. Bxc6 Rc8 19. Bb7 Rc4 20. O-O Bxc3 21.
Rxc3 Rxa4 22. Rc7 h6 23. Rfc1 Ra7 24. Bc8 Ra8 25. Be5 Ke8 26. Bd6 Kd8 27. Bb7
Nb6 28. Bxa8 Nxa8 29. Ra7 1-0

[Event "XXX Memorial Edoardo Crespi B"]
[Site "Milano ITA"]
[Date "2009.12.06"]
[Round "3"]
[White "Orsi, Matteo"]
[Black "Silari, Andrea"]
[Result "0-1"]
[WhiteElo "1960"]
[BlackElo "1797"]
[PlyCount "90"]
[EventDate "2009.12.04"]

1. Nf3 Nf6 2. d4 g6 3. c4 Bg7 4. Nc3 O-O 5. e4 d6 6. Be2 Nc6 7. O-O e5 8. d5
Ne7 9. b4 Nh5 10. Ng5 Nf4 11. Bxf4 exf4 12. Rc1 h6 13. Nf3 a5 14. a3 f5 15. Bd3
axb4 16. axb4 Bd7 17. Re1 Ra3 18. Qd2 fxe4 19. Nxe4 Bg4 20. Nc3 Bxf3 21. gxf3
Nf5 22. Bxf5 Rxf5 23. Nb5 Rxf3 24. Nd4 Bxd4 25. Qxd4 Qg5+ 26. Kf1 Re5 27. Rxe5
dxe5 28. Qb2 Qf5 29. d6 Rd3 30. Qa2 Rxd6 31. c5+ Re6 32. Qa8+ Kf7 33. Qxb7 Qd3+
34. Kg1 Re7 35. b5 e4 36. b6 cxb6 37. c6 Rxb7 38. cxb7 Qd6 39. Rc8 Qd1+ 40. Kg2
f3+ 41. Kg3 Qd6+ 42. Kh3 Qd7+ 43. Kg3 Qxb7 44. Rh8 Qd5 45. h4 Qe5+ 0-1

[Event "XXX Memorial Edoardo Crespi B"]
[Site "Milano ITA"]
[Date "2009.12.06"]
[Round "3"]
[White "Oteri, Aldo"]
[Black "Fornasir, Carlo Gustavo"]
[Result "1-0"]
[WhiteElo "1826"]
[BlackElo "1896"]
[PlyCount "99"]
[EventDate "2009.12.04"]

1. e4 e5 2. Nf3 Nc6 3. Bb5 f5 4. d4 fxe4 5. Nxe5 Nxe5 6. dxe5 c6 7. Bc4 Qa5+ 8.
Nc3 Qxe5 9. O-O d5 10. Re1 Nf6 11. Bf1 Bd6 12. g3 O-O 13. Bf4 Qe7 14. Bxd6 Qxd6
15. Nxe4 Nxe4 16. Rxe4 Qf6 17. Rf4 Qxb2 18. Rxf8+ Kxf8 19. Bd3 Qf6 20. Rb1 b6
21. Rb4 d4 22. Bxh7 c5 23. Be4 Rb8 24. Rb3 Ke7 25. Qh5 Be6 26. Rf3 Qh6 27. Qe5
Rd8 28. Rf5 Rd6 29. Rg5 Kf7 30. Rg6 Qc1+ 31. Kg2 Bh3+ 32. Kxh3 Rxg6 33. Qc7+
Kg8 34. Qd8+ Kh7 35. Qh4+ Qh6 36. Bxg6+ Kxg6 37. Qxh6+ Kxh6 38. Kg4 Kg6 39. Kf4
Kf6 40. Ke4 Ke6 41. h4 Kf6 42. f4 g6 43. g4 Ke6 44. f5+ gxf5+ 45. gxf5+ Kf6 46.
h5 Kg5 47. Ke5 Kxh5 48. f6 Kg6 49. Ke6 c4 50. f7 1-0

[Event "XXX Memorial Edoardo Crespi B"]
[Site "Milano ITA"]
[Date "2009.12.06"]
[Round "3"]
[White "Paganini, Andrea"]
[Black "Illyuviev, Oleg"]
[Result "0-1"]
[WhiteElo "1753"]
[BlackElo "2000"]
[PlyCount "118"]
[EventDate "2009.12.04"]

1. e4 d6 2. d4 Nf6 3. Nc3 g6 4. Nf3 Bg7 5. Bf4 c5 6. dxc5 Qa5 7. Qd2 Qxc5 8.
Be3 Qb4 9. Bd3 O-O 10. O-O Nc6 11. Bh6 Ne5 12. Nxe5 dxe5 13. Bxg7 Kxg7 14. a3
Qa5 15. b4 Qb6 16. Qg5 Qe6 17. Nb5 h6 18. Qe3 Ng4 19. Qc5 b6 20. Qd5 Qxd5 21.
exd5 a6 22. Nc3 Bb7 23. Na4 b5 24. Nc5 Bxd5 25. Nd7 Rfd8 26. Nb6 Rab8 27. Nxd5
Rxd5 28. Rfe1 f5 29. h3 Nf6 30. f3 Nh5 31. a4 Kf6 32. axb5 axb5 33. Ra6+ e6 34.
Rc6 Ng3 35. Kf2 f4 36. Rc5 g5 37. Ra1 Rd4 38. Re1 Rd5 39. Ra1 e4 40. fxe4 Rxc5
41. bxc5 Rc8 42. Kf3 Rxc5 43. Ra5 Ke5 44. Rxb5 Rxb5 45. Bxb5 Nxe4 46. Kg4 Nf6+
47. Kf3 h5 48. c4 g4+ 49. hxg4 hxg4+ 50. Ke2 Kd4 51. Kd2 e5 52. Ke2 e4 53. Ba6
e3 54. Bb5 Ne4 55. Bd7 Ng3+ 56. Ke1 f3 57. gxf3 gxf3 58. Bh3 f2+ 59. Kd1 e2+
0-1

[Event "XXX Memorial Edoardo Crespi B"]
[Site "Milano ITA"]
[Date "2009.12.06"]
[Round "3"]
[White "Paulovich, Adriano"]
[Black "Casartelli, Fabio"]
[Result "0-1"]
[WhiteElo "1773"]
[BlackElo "1908"]
[PlyCount "62"]
[EventDate "2009.12.04"]

1. e4 e5 2. Nf3 Nf6 3. Nc3 Bb4 4. d3 d5 5. Bd2 Bg4 6. h3 Bxf3 7. Qxf3 Nc6 8.
O-O-O d4 9. Nb1 Bxd2+ 10. Nxd2 Qe7 11. Kb1 a5 12. Rc1 b5 13. c4 dxc3 14. Rxc3
Nd4 15. Qd1 O-O 16. Nf3 Rfd8 17. Nxd4 Rxd4 18. Qc2 Rc8 19. Be2 c5 20. h4 Rc7
21. h5 h6 22. g3 Nd7 23. f4 Nb6 24. Qc1 exf4 25. gxf4 c4 26. Qe3 Rcd7 27. f5 b4
28. Rcc1 cxd3 29. Bxd3 Rxd3 30. Qxb6 Qxe4 31. Rce1 Re3+ 0-1

[Event "XXX Memorial Edoardo Crespi B"]
[Site "Milano ITA"]
[Date "2009.12.06"]
[Round "3"]
[White "Pepe, Mario"]
[Black "Piantoni, Pierino"]
[Result "1-0"]
[WhiteElo "2039"]
[BlackElo "1939"]
[PlyCount "65"]
[EventDate "2009.12.04"]

1. e4 e6 2. d4 d5 3. Nc3 Bb4 4. Nge2 dxe4 5. a3 Be7 6. Nxe4 Nf6 7. N2c3 Nbd7 8.
Bd3 b6 9. Qf3 Rb8 10. Bf4 a6 11. O-O-O Bb7 12. Rhg1 Nxe4 13. Bxe4 Bg5 14. d5
Qf6 15. Bxg5 Qxg5+ 16. Kb1 Ne5 17. Qe2 O-O 18. dxe6 fxe6 19. Bxb7 Rxb7 20. Qxa6
Rbb8 21. Qe2 Rfe8 22. f4 Qxf4 23. g3 Qg5 24. h4 Qe7 25. Qxe5 b5 26. Nxb5 Rb7
27. Rd3 Reb8 28. Rb3 Qd7 29. Nd4 Rb6 30. Re1 c5 31. Rxb6 Rxb6 32. Nxe6 Qb7 33.
Nxc5 1-0

[Event "XXX Memorial Edoardo Crespi B"]
[Site "Milano ITA"]
[Date "2009.12.06"]
[Round "3"]
[White "Perrotta, Leopoldo"]
[Black "Lancianese, Giuseppe"]
[Result "1-0"]
[WhiteElo "1843"]
[BlackElo "1786"]
[PlyCount "55"]
[EventDate "2009.12.04"]

1. d4 d5 2. c4 c6 3. Nc3 Nf6 4. Nf3 e6 5. Bg5 Be7 6. cxd5 exd5 7. e3 Bf5 8. Ne5
h6 9. Bf4 Nbd7 10. Bd3 Bxd3 11. Nxd3 O-O 12. b4 Ne4 13. Nxe4 dxe4 14. Nc5 Nxc5
15. bxc5 Bg5 16. Bg3 Bh4 17. Bxh4 Qxh4 18. O-O f5 19. Qb3+ Rf7 20. Rab1 Qe7 21.
Rb2 Kh7 22. Rfb1 Rb8 23. Qa4 a6 24. Rb6 f4 25. exf4 Rxf4 26. Rxc6 e3 27. Qc2+
g6 28. Qxg6+ 1-0

[Event "XXX Memorial Edoardo Crespi B"]
[Site "Milano ITA"]
[Date "2009.12.06"]
[Round "3"]
[White "Petrone, Gianmario"]
[Black "Guzzetti, Luigi Enrico"]
[Result "0-1"]
[WhiteElo "1736"]
[BlackElo "1856"]
[PlyCount "116"]
[EventDate "2009.12.04"]

1. e4 c5 2. Nf3 e6 3. d4 cxd4 4. Nxd4 a6 5. Nc3 Qc7 6. Be3 Nf6 7. a3 b5 8. Bd3
Bb7 9. f3 Nc6 10. Nxc6 dxc6 11. Qd2 Be7 12. Qf2 c5 13. Rd1 O-O 14. Qg3 Qxg3+
15. hxg3 c4 16. Be2 Rfd8 17. Kf2 Rxd1 18. Rxd1 Rd8 19. Rxd8+ Bxd8 20. Bf4 Nh5
21. Bd6 Bb6+ 22. Ke1 Bd4 23. Kd2 e5 24. g4 Ng3 25. Nd1 f6 26. c3 Bb6 27. Ne3
Bxe4 28. Nf1 Nxe2 29. Kxe2 Bd3+ 30. Ke1 Bxf1 31. Kxf1 Kf7 32. Ke2 Ke6 33. Bf8
g6 34. Bh6 Kd5 35. Bf8 f5 36. gxf5 gxf5 37. Bh6 e4 38. fxe4+ fxe4 39. Bf4 Bc5
40. g4 a5 41. Kd2 Bd6 42. Bg5 Bh2 43. Ke3 Bg1+ 44. Ke2 Ke5 45. Bh6 Kf6 46. Bf4
Kg6 47. Kd2 h5 48. gxh5+ Kxh5 49. Be3 Bh2 50. Bb6 Bf4+ 51. Ke2 a4 52. Be3 Kg4
53. Bc5 Bc1 54. Kd1 Bxb2 55. Kc2 Ba1 56. Bf2 Kf3 57. Be1 Ke2 58. Bd2 e3 0-1

[Event "XXX Memorial Edoardo Crespi B"]
[Site "Milano ITA"]
[Date "2009.12.06"]
[Round "3"]
[White "Pierandrei, Cristiano"]
[Black "Andreoni, Giuseppe"]
[Result "0-1"]
[WhiteElo "1862"]
[BlackElo "2037"]
[PlyCount "28"]
[EventDate "2009.12.04"]

1. d4 d5 2. c4 e6 3. Nc3 c6 4. e4 dxe4 5. Nxe4 Bb4+ 6. Bd2 Qxd4 7. Bxb4 Qxe4+
8. Ne2 Na6 9. Bf8 Ne7 10. Bxg7 Nb4 11. Bxh8 e5 12. f3 Nc2+ 13. Kd2 Qe3+ 14.
Kxc2 Bf5+ 0-1

[Event "XXX Memorial Edoardo Crespi B"]
[Site "Milano ITA"]
[Date "2009.12.06"]
[Round "3"]
[White "Riekenbrauk, Joerg"]
[Black "Mouflih, Caesar Faycal"]
[Result "1-0"]
[WhiteElo "1941"]
[BlackElo "1843"]
[PlyCount "115"]
[EventDate "2009.12.04"]

1. e4 e5 2. Nf3 Nc6 3. d4 exd4 4. c3 dxc3 5. Nxc3 Bb4 6. Bc4 Nf6 7. e5 d5 8.
exf6 dxc4 9. Qxd8+ Nxd8 10. fxg7 Rg8 11. Bh6 Ne6 12. O-O Bxc3 13. bxc3 Nxg7 14.
Rfe1+ Ne6 15. Rad1 b5 16. Nd4 Bd7 17. Nf5 Rd8 18. Ng7+ Ke7 19. Bg5+ f6 20. Nf5+
Kf7 21. Nh6+ Kg6 22. Nxg8 Rxg8 23. Rxd7 Nxg5 24. h4 Nf7 25. Ree7 Ne5 26. Rxc7
Rd8 27. Rxa7 Rd3 28. Rg7+ Kf5 29. Rg3 Rd1+ 30. Kh2 Ng4+ 31. Rxg4 Kxg4 32. Rxh7
Rd3 33. f3+ Kf4 34. Rb7 Rd5 35. Re7 Rd3 36. Re4+ Kf5 37. a4 bxa4 38. Rxc4 a3
39. g4+ Kg6 40. Kg3 a2 41. Ra4 Rd2 42. c4 Rc2 43. c5 f5 44. Ra6+ Kf7 45. g5 Ke7
46. h5 Kf7 47. c6 Ke6 48. c7+ Kd7 49. h6 Rxc7 50. Rxa2 Ke6 51. Ra6+ Ke5 52. g6
Rc1 53. g7 f4+ 54. Kh3 Rg1 55. h7 Rh1+ 56. Kg2 Rxh7 57. g8=Q Re7 58. Qg5+ 1-0

[Event "XXX Memorial Edoardo Crespi B"]
[Site "Milano ITA"]
[Date "2009.12.06"]
[Round "3"]
[White "Vallone, Ugo"]
[Black "Trent, Alan M."]
[Result "0-1"]
[WhiteElo "1784"]
[BlackElo "1848"]
[PlyCount "102"]
[EventDate "2009.12.04"]

1. Nf3 Nf6 2. b4 g6 3. Bb2 Bg7 4. g4 c6 5. g5 Nh5 6. Bxg7 Nxg7 7. Qc1 d6 8. Qb2
e5 9. d3 Bg4 10. Nbd2 Nd7 11. Rg1 Bxf3 12. Nxf3 O-O 13. Bh3 Nh5 14. Bg4 Nf4 15.
e3 Nd5 16. c4 Ne7 17. c5 d5 18. Bxd7 Qxd7 19. Nxe5 Qh3 20. Ng4 Nf5 21. Nf6+ Kh8
22. Qe5 Nh4 23. Qg3 Nf3+ 24. Kd1 Nxg1 25. Qxg1 d4 26. Kc2 a5 27. Qe1 dxe3 28.
Qxe3 Qxe3 29. fxe3 axb4 30. Ne4 Rfe8 31. Kb2 Ra3 32. Rd1 Rea8 33. Ra1 Rxd3 34.
Nd6 Rxe3 35. Nxb7 Raa3 36. Rc1 Re2+ 37. Rc2 Rxa2+ 38. Kxa2 Rxc2+ 39. Kb3 Rxh2
40. Nd8 Kg7 41. Nxc6 Rg2 42. Kxb4 Rxg5 43. Nd4 Re5 44. c6 Re8 45. Kc5 Kf6 46.
c7 h5 47. Kd6 Rc8 48. Kd7 Rxc7+ 49. Kxc7 h4 50. Kd6 h3 51. Ne2 Kf5 0-1

[Event "XXX Memorial Edoardo Crespi B"]
[Site "Milano ITA"]
[Date "2009.12.06"]
[Round "3"]
[White "Villalba, Fernando"]
[Black "Riccio, Luigi"]
[Result "0-1"]
[WhiteElo "1913"]
[BlackElo "1840"]
[PlyCount "82"]
[EventDate "2009.12.04"]

1. d4 d5 2. Nf3 Nf6 3. Bf4 c6 4. c3 e6 5. h3 Nbd7 6. e3 Be7 7. Be2 O-O 8. Nbd2
b6 9. O-O Bb7 10. c4 c5 11. cxd5 Nxd5 12. Bh2 N5f6 13. Nc4 Ne4 14. Bd3 Ndf6 15.
Nce5 a6 16. a3 b5 17. dxc5 Nxc5 18. Be2 Qxd1 19. Rfxd1 h6 20. Nd4 Rac8 21. Rac1
Rfd8 22. Bf3 Nce4 23. g4 Bd5 24. Nd3 Bd6 25. Bxd6 Nxd6 26. Bxd5 Nxd5 27. Ne5
Rxc1 28. Rxc1 Rc8 29. Ndc6 Kf8 30. Kf1 Nc4 31. e4 Nxe5 32. exd5 exd5 33. f4
Nxc6 34. Rc5 Ne7 35. Rxc8+ Nxc8 36. Ke2 Ke7 37. Kd3 Kd6 38. h4 a5 39. h5 Ne7
40. b3 Ng8 41. Kd4 Nf6 0-1

[Event "XXX Memorial Edoardo Crespi B"]
[Site "Milano ITA"]
[Date "2009.12.06"]
[Round "3"]
[White "Virzi, Ettore"]
[Black "Ciciotti, Augusto"]
[Result "1/2-1/2"]
[WhiteElo "1974"]
[BlackElo "1878"]
[PlyCount "58"]
[EventDate "2009.12.04"]

1. e4 c5 2. Nf3 d6 3. d4 cxd4 4. Nxd4 Nf6 5. Nc3 g6 6. Be3 Bg7 7. f3 Nc6 8. Qd2
O-O 9. O-O-O d5 10. exd5 Nxd5 11. Nxc6 bxc6 12. Bd4 Nxc3 13. Qxc3 Bh6+ 14. Be3
Bxe3+ 15. Qxe3 Qb6 16. Qxe7 Be6 17. Qa3 Rfd8 18. Bd3 Rd5 19. b3 Rad8 20. Rde1
Ra5 21. Qb2 c5 22. Rd1 Rb8 23. c4 Qa6 24. Rd2 Ra4 25. Rhd1 Qa5 26. bxa4 Rxb2
27. Kxb2 Qxa4 28. a3 Bxc4 29. Bxc4 Qxc4 1/2-1/2

[Event "XXX Memorial Edoardo Crespi B"]
[Site "Milano ITA"]
[Date "2009.12.06"]
[Round "4"]
[White "Bernasconi, Roberto"]
[Black "Palmieri, Giovanni"]
[Result "1-0"]
[WhiteElo "1941"]
[BlackElo "1764"]
[PlyCount "113"]
[EventDate "2009.12.04"]

1. e4 e6 2. d4 d5 3. Nd2 Nf6 4. e5 Nfd7 5. Bd3 c5 6. c3 b6 7. Qe2 a5 8. Ngf3
Ba6 9. a4 Bxd3 10. Qxd3 Nc6 11. O-O c4 12. Qc2 Ne7 13. Ng5 Ng6 14. f4 Be7 15.
Ndf3 O-O 16. g4 Bxg5 17. Nxg5 h6 18. Nxe6 fxe6 19. Qxg6 Qe8 20. Qxe8 Raxe8 21.
Be3 Rc8 22. Rf2 g6 23. Raf1 h5 24. h3 Kh7 25. f5 gxf5 26. gxf5 exf5 27. Rxf5
Rxf5 28. Rxf5 Rg8+ 29. Kh2 Rg6 30. Rxh5+ Kg7 31. Rf5 Nf8 32. h4 Ne6 33. Kh3 Kg8
34. h5 Ng7 35. hxg6 Nxf5 36. Bg5 Kg7 37. Kg4 Kxg6 38. Bd8 Ne3+ 39. Kf4 Nd1 40.
Bxb6 Nxb2 41. Bxa5 Nxa4 42. e6 Kf6 43. e7 Kxe7 44. Ke5 Kd7 45. Kxd5 Nb2 46. Bb4
Na4 47. Kxc4 Nb6+ 48. Kc5 Na4+ 49. Kb5 Nb2 50. c4 Nd3 51. Bd2 Nf2 52. Kb6 Ne4
53. Bf4 Nc3 54. Kb7 Ne2 55. Be5 Nc3 56. c5 Nd5 57. c6+ 1-0

[Event "XXX Memorial Edoardo Crespi B"]
[Site "Milano ITA"]
[Date "2009.12.06"]
[Round "4"]
[White "Bertazzoli, Giulio"]
[Black "Pierandrei, Cristiano"]
[Result "1-0"]
[WhiteElo "1857"]
[BlackElo "1862"]
[PlyCount "117"]
[EventDate "2009.12.04"]

1. d4 d5 2. c4 e6 3. Nc3 c6 4. e3 Nf6 5. Nf3 Nbd7 6. Qc2 Bd6 7. Bd3 dxc4 8.
Bxc4 b5 9. Bd3 Bb7 10. e4 e5 11. Bg5 h6 12. Bh4 exd4 13. Nxd4 Bc5 14. Nf3 Qb6
15. a3 a5 16. e5 Ng4 17. Bg3 O-O 18. Bf5 Ngxe5 19. Bxd7 Nxd7 20. O-O-O Nf6 21.
Bh4 Nd5 22. Ne4 Be3+ 23. fxe3 Qxe3+ 24. Kb1 c5 25. Nd6 Bc6 26. Rhe1 Qf4 27. Bg3
Qa4 28. Ne5 Qxc2+ 29. Kxc2 Ne7 30. Nxc6 Nxc6 31. Nxb5 a4 32. Bf2 Rfc8 33. Nc3
Nd8 34. Nd5 Rcb8 35. Re8+ Kh7 36. Nc7 Ra7 37. Rdxd8 Rxd8 38. Rxd8 Rxc7 39. Ra8
Re7 40. Kd2 Rb7 41. Kc2 Re7 42. Bxc5 Re4 43. Kc3 f5 44. Kd3 g5 45. Bd4 Re1 46.
Rxa4 Rh1 47. Ra7+ Kg6 48. Ra6+ Kh5 49. Bg7 Rg1 50. Rxh6+ Kg4 51. g3 f4 52. gxf4
Kxf4 53. Rf6+ Kg4 54. Rf2 Ra1 55. Be5 Kh5 56. Kc2 g4 57. Bg3 Kg5 58. Re2 Kf5
59. Re1 1-0

[Event "XXX Memorial Edoardo Crespi B"]
[Site "Milano ITA"]
[Date "2009.12.06"]
[Round "4"]
[White "Bossoni, Mario"]
[Black "Perrotta, Leopoldo"]
[Result "0-1"]
[WhiteElo "1971"]
[BlackElo "1843"]
[PlyCount "66"]
[EventDate "2009.12.04"]

1. e4 c5 2. d4 cxd4 3. c3 d3 4. Bxd3 e6 5. Nf3 Nc6 6. c4 Qc7 7. Nc3 a6 8. Be3
Nf6 9. h3 Bb4 10. O-O Bxc3 11. bxc3 O-O 12. Rb1 d6 13. Qe2 Nd7 14. Rfd1 b6 15.
Nd4 Nc5 16. Bc2 Bb7 17. Nb3 Na4 18. f4 Nxc3 19. Qd3 Nxd1 20. e5 g6 21. exd6 Qd8
22. Bxd1 Nb8 23. f5 exf5 24. Bh6 Re8 25. Bf3 Bxf3 26. Qxf3 Nd7 27. Rd1 Qh4 28.
Bf4 Re1+ 29. Rxe1 Qxe1+ 30. Kh2 Qe4 31. Qf1 Re8 32. Nd2 Qe2 33. Qb1 Qf2 0-1

[Event "XXX Memorial Edoardo Crespi B"]
[Site "Milano ITA"]
[Date "2009.12.06"]
[Round "4"]
[White "Carbone, Lorenzo"]
[Black "Murli, Almerico"]
[Result "0-1"]
[WhiteElo "1808"]
[BlackElo "1816"]
[PlyCount "72"]
[EventDate "2009.12.04"]

1. e4 g6 2. d4 Bg7 3. Nf3 d6 4. c3 Nf6 5. Bd3 O-O 6. Na3 Nbd7 7. O-O e5 8. Be3
Re8 9. d5 Rf8 10. h3 a6 11. Qd2 c6 12. c4 cxd5 13. cxd5 b5 14. Rac1 Bb7 15. Nc2
Rc8 16. Nb4 Nc5 17. Bxc5 dxc5 18. Nxa6 Bxa6 19. Qe2 c4 20. Bb1 Ne8 21. Qe3 Qc7
22. g4 Nd6 23. Qa3 Qb6 24. Qb4 Rfd8 25. a4 f6 26. axb5 Qxb5 27. Qa3 Bf8 28. Qc3
Rb8 29. g5 Qxb2 30. gxf6 Qxc3 31. Rxc3 Nf7 32. Ba2 Rdc8 33. h4 Rb2 34. Bb1 Rb3
35. Re3 Bh6 36. Rxb3 cxb3 0-1

[Event "XXX Memorial Edoardo Crespi B"]
[Site "Milano ITA"]
[Date "2009.12.06"]
[Round "4"]
[White "Cardani, Roberto"]
[Black "Pepe, Mario"]
[Result "1/2-1/2"]
[WhiteElo "1960"]
[BlackElo "2039"]
[PlyCount "88"]
[EventDate "2009.12.04"]

1. e4 Nf6 2. e5 Nd5 3. d4 d6 4. Nf3 Bg4 5. Be2 e6 6. O-O Be7 7. c4 Nb6 8. Nc3
O-O 9. Be3 Nc6 10. exd6 cxd6 11. d5 Bxf3 12. gxf3 Ne5 13. b3 Ng6 14. f4 Bf6 15.
Rc1 e5 16. fxe5 Bxe5 17. f4 Bf6 18. Ne4 Re8 19. Bd3 Nd7 20. Qf3 Qe7 21. Nxf6+
Qxf6 22. Qf2 b6 23. Bd4 Qh4 24. Bxg6 Qxf2+ 25. Kxf2 fxg6 26. Rce1 Nc5 27. Kg3
Ne4+ 28. Kg2 Nc5 29. Kf3 Nd3 30. Re3 Rxe3+ 31. Kxe3 Nc5 32. b4 Re8+ 33. Kd2 Nd7
34. Re1 Rxe1 35. Kxe1 Kf7 36. Ke2 Nf6 37. Kf3 Ke7 38. a4 Kd7 39. h4 Ne8 40. Kg4
Ke7 41. c5 bxc5 42. bxc5 a6 43. Kf3 dxc5 44. Bxc5+ Kd7 1/2-1/2